| 000 | 00868nas a2200301 4500 | ||
|---|---|---|---|
| 001 | BR2011001363 | ||
| 003 | BR-BrBNA | ||
| 005 | 20231205114519.0 | ||
| 007 | ta | ||
| 008 | 230509b bl.|||p| |||| 00| 00por d | ||
| 040 |
_aBR-BrBNA _bpor _cBiblioteca Nacional de Agricultura |
||
| 041 | _a(Pt) | ||
| 072 | _aH60 | ||
| 100 | 1 | _aDan, H.A. | |
| 100 | 1 | _aDan, L.G.M. | |
| 100 | 1 | _aBarroso, A.L.L. | |
| 100 | 1 | _aOliveira Júnior, R.S. | |
| 100 | 1 | _aProcópio, S.O. | |
| 100 | 1 | _aFreitas, A.C.R. | |
| 100 | 1 | _aCorrea, F.M. | |
| 245 | 1 | _aSeletividade do herbicida tembotrione à cultura do milheto | |
| 650 | _aMILHETO | ||
| 650 | _aHERBICIDA | ||
| 650 | _aVARIEDADE RESISTENTE | ||
| 773 | 0 |
_tPlanta Daninha (Brazil) _xISSN 0100-8358 _g(Oct-Dec 2010), v. 28(4) p. 793-799 _wBR2011001363 |
|
| 909 |
_a202311 _bLúcia _c55 _dLúcia Elande |
||
| 942 |
_2AGRIS _n0 _cANA |
||
| 999 |
_c209120 _d209120 |
||